Quiz Rap FR #2 - Statistiques

Statistiques générales
  • Ce quiz a été pris 1 667 fois
  • Le résultat moyen est 14 sur 26
Statistiques - réponses
Lettre Enigme Rappeur % Correct
G Ils sont deux, ils sont rentré dans la légende PNL
94%
D Belge à la plume éguisé Damso
91%
X Popopop Gambi
90%
Q Il a crée la nouvelle hymne des bleus en 2018 Vegedream
88%
L Okaayy Naps
87%
E Allemand et marseillais sch
84%
H Ces mots sortaient en anglais et c'etait trop relou Zola
83%
S Une petite taille, un rire special.. Hamza
81%
B Il est à l'origine du "rentre dans le cercle" Sofiane
79%
J Il a repris la drill et a crée sa marque de vêtement Gazo
75%
M Il lui reste un peu de rouge à lèvre sur le gland Rim'K
73%
R Le plus loubard de tous, tatoué sur le visage Seth Gueko
56%
P A perdu ses frères et soeurs et a sombré dans l'alcool Guizmo
53%
K Casquette plate et barbichette La Fouine
51%
F Les nainguis sont ses amis Brulux
50%
A Un jeune strasbourgeois Larry
44%
Y C'est un chien de la casse mais il a la classe Didi trix
38%
O R.E.P, il a le nom d'un pays Nepal
36%
W Est allé en prison pour un rixe sur une seule personne MHD
25%
I "C'est ... faudra s'y faire" Zkr
23%
U Son franc parlé n'est plus une surprise, mais pourquoi de la funk brésilienne Sadek
22%
Z Des dreds colorés, un anneau nasal et les yeux rouges Youv Dee
22%
T Il veut fumé de la bonne weed Tairo
21%
N Est passé de nombreuses reprises dans High&Fines Herbes Romeo Elvis
16%
V Un suffixe et un alcool pour le nom Davodka
12%
C Il a rasé son duvet Joysad
6%
Aucun quiz correspondant
Distribution des résultats
% des personnes avec chaque résultat
Percentile par nombre de réponses
Votre historique - résultats
Vous n’avez pas pris ce quiz